000 01641cam a22003495i 4500
001 18874939
003 EG-ScBUE
005 20250702150019.0
008 151130s2016 enka f b 001 0 eng d
020 _a9780198715535
035 _a(OCoLC)ocn965538720
040 _aEUE
_beng
_erda
_cEUE
_dYDXCP
_dBDX
_dBTCTA
_dLTU
_dCHVBK
_dNLE
_dOCLCA
_dLML
_dOCLCF
_dOKX
_dMYG
_dNRC
_dGZM
_dDLC
_dEG-ScBUE
082 0 4 _a330.019
_bDHA
_222
100 1 _aDhami, Sanjit S.,
_eauthor.
_941948
245 1 4 _aThe foundations of behavioral economic analysis /
_cSanjit Dhami.
250 _aFirst edition.
264 1 _aOxford :
_bOxford University Press,
_c2016.
300 _axxxiii, 1764 pages :
_billustrations ;
_c25 cm
336 _2rdacontent
_atext
_btxt
337 _2rdamedia
_aunmediated
_bn
338 _2rdacarrier
_avolume
_bnc
504 _aIncludes bibliographical references and indexes.
505 0 _aBehavioral economics of risk, uncertainty, and ambiguity -- Other-regarding preferences -- Behavioral time discounting -- Behavioral game theory -- Behavioral models of learning -- Emotions -- Bounded rationality -- Behavioral welfare economics -- Neuroeconomics.
520 _aThis is the first definitive introduction to behavioral economics aimed at advanced undergraduate and postgraduate students. Authoritative, cutting edge, yet accessible, it guides the reader through.
650 7 _aEconomics
_xPsychological aspects.
_2BUEsh
650 7 _aEconomics
_xSociological aspects.
_2BUEsh
_922975
650 7 _aEconomics
_xMethodology.
_2BUEsh
651 _2BUEsh
653 _bENGGEN
_cNovember2018
655 _vReading book
942 _2ddc
_cBB
999 _c27020
_d26992